Muscles de l'avant-bras - Statistiques

Statistiques générales
  • Ce quiz a été pris 529 fois
  • Le résultat moyen est 9 sur 20
Statistiques - réponses
Réponse % Correct
Rond pronateur
72%
Carré pronateur
65%
Fléchisseur ulnaire du carpe
64%
Supinateur
62%
Fléchisseur Radial du carpe
61%
Long palmaire
60%
Brachio-Radial
58%
Anconé
51%
Fléchisseur superficiel des doigts
50%
Long extenseur du pouce
49%
Fléchisseur profond des doigts
47%
Long extenseur radial du carpe
46%
Court extenseur du pouce
44%
Court extenseur radial du carpe
43%
Extenseur ulnaire du carpe
42%
Long fléchisseur du pouce
40%
Long abducteur du pouce
37%
Extenseur commun des doigts
30%
Extenseur propre du II
8%
Extenseur propre du V
8%
Aucun quiz correspondant
Distribution des résultats
% des personnes avec chaque résultat
Percentile par nombre de réponses
Votre historique - résultats
Vous n’avez pas pris ce quiz